Performance management for government, universities, schools and NGOs : a practical and informative textbook for managing performance in service delivery-orientated organisations (Record no. 207891)

MARC details
000 -LEADER
fixed length control field 00425nam a2200097Ia 4500
082 ## - DEWEY DECIMAL CLASSIFICATION NUMBER
Classification number 658.3125|BUSS
008 - FIXED-LENGTH DATA ELEMENTS--GENERAL INFORMATION
fixed length control field 210817s9999 xx 000 0 und d
100 ## - MAIN ENTRY--PERSONAL NAME
Personal name BUSSIN, Mark Randburg, South Africa, 2013
9 (RLIN) 65149
245 #0 - TITLE STATEMENT
Title Performance management for government, universities, schools and NGOs : a practical and informative textbook for managing performance in service delivery-orientated organisations
942 ## - ADDED ENTRY ELEMENTS
item type Books
Holdings
Withdrawn status Lost status Damaged status Not for loan Home library Current library Date acquired Cost, normal purchase price Total Checkouts Barcode Date last seen Price effective from item type
        Emthonjeni PL (MMID-PLEMA-EMTH) Emthonjeni PL (MMID-PLEMA-EMTH) 18.08.2021 300.00   3322810095618 18.08.2021 18.08.2021 Books